Variación estacional en el porcentaje de aceite, humedad y palatibidad en frutos del cultivar Isabel

Gardado en:
Detalles Bibliográficos
Autor Principal: Parra Vásquez, Washington (autor)
Formato: Libro
Idioma:Lingua castelá
Publicado: Valparaíso Universidad Católica de Valparaíso 2002
Subjects:
Tags: Engadir etiqueta
Sen Etiquetas, Sexa o primeiro en etiquetar este rexistro!

MARC

LEADER 00000nam a2200000 a 4500
001 UCM9484
003 CL-VaPUC
008 030425e20020000CL |||||||||||||||||spa|d
082 0 4 |a 634.60727  |b PAR  |2 21 
100 |a Parra Vásquez, Washington  |e autor  |9 840266 
245 1 0 |a Variación estacional en el porcentaje de aceite, humedad y palatibidad en frutos del cultivar Isabel 
300 |a 46 h 
942 |c BK 
945 |d 20030425 00:00:00  |a cmena 
260 |a Valparaíso  |b Universidad Católica de Valparaíso  |c 2002 
500 |a Taller de Estadística, solicitado por Carolina García; prof. guía: Axa Rojas Durendeaux 
650 0 |a Paltas (Aguacates)   |9 264279 
650 0 |a Análisis estadístico  |9 269506 
650 0 |a Métodos estadísticos   |9 259407 
650 0 |a Estadística matemática  |9 260028 
583 |a last modification  |c 20130403 06:14:22  |k Rodrigo Vera 
999 |c 303749  |d 303747 
952 |0 0  |1 0  |2 ddc  |4 0  |6 634_607270000000000_PAR_2002  |7 0  |8 T  |9 365265  |a BIBGIM  |b BIBGIM  |d 2019-11-21  |i 3888096  |o 634.60727 PAR 2002  |p 3888096  |r 2019-11-21  |w 2019-11-21  |y BK_F  |k EST